Vista normal
Vista MARC
Entrada Materia (tema)
Número de registros utilizados en: 1
001 - CONTROL NUMBER
- control field: 105913
003 - CONTROL NUMBER IDENTIFIER
- control field: Co-BoUCM
005 - DATE AND TIME OF LATEST TRANSACTION
- control field: 20210912074318.0
008 - FIXED-LENGTH DATA ELEMENTS
- fixed length control field: 210912|| aca||aabn | a|a d
040 ## - CATALOGING SOURCE
- Original cataloging agency: Co-BoUCM
- Transcribing agency: Co-BoUCM
150 ## - HEADING--TOPICAL TERM
- Topical term or geographic name as entry element: Humoristas colombianos
- General subdivision: Relatos personales
670 ## - SOURCE DATA FOUND
- Source citation: Work cat.: (Co-BoUCM)319124: Vladdo 105184, Una semana de quince años, 2009